000 00612nam a2200193Ia 4500
003 GCL
008 140319s9999 xx 000 0 ara d
040 _aGCL /
_cGCL
082 0 4 _a257.1
_bد س
100 1 _aفؤاد عبدالمنعم احمد (تحقيق)
245 1 0 _aالسياسة الشرعية /
_cفؤاد عبدالمنعم احمد (تحقيق)
700 1 _aدده افندى، ابراهيم بن يحيى
260 _a[S.N] :
_bمؤسسة شباب الجامعة
300 _a184 ص
490 _a
650 0 4 _aالاسلام
650 0 4 _aالنظام السياسى
942 _2ddc
_cBK
999 _c30479
_d30479